000 00583nam a2200181Ia 4500
003 GCL
008 140319s9999 xx 000 0 ara d
040 _aGCL /
_cGCL
082 0 4 _a842.008
_bس م
100 1 _aسارتر ، جان بول
245 1 0 _aالمومس الفاضلة /
_cسارتر ، جان بول
700 1 _aمازن الحسينى
300 _a96 ص
490 _aالهيئة العامة للاستعلامات
_v0
650 0 4 _aالادب الفرنسى المترجم
650 0 4 _aالمسرحيات الفرنسية المترجمة
942 _2ddc
_cBK
999 _c46983
_d46983